000 00891nam a2200181 a 4500
001 000044553
005 20250701130548.0
008 140714s2011 dr a 000 0 spa d
040 _aDO-SdBNP
_bspa
_cBNPHU
082 _axxxx
_bxxxx
111 2 _aVII congreso internacional interdisciplinario de investigación científica
_n(8vo :
_d9-10 de jun. 2011
_cSanto Domingo)
_972568
245 1 0 _aVII congreso internacional interdisciplinario de investigación científica /
_cpresentación ; Ligia Amada Melo de Cardona ; introdución Carlos Ml. Rodríguez Peña.
246 1 0 _a8 congreso internacional interdisciplinario de investigación científica
260 _aSanto Domingo :
_bMESCYT,
_c2011.
300 _a110 p. :
_bil. ;
_c28 cm.
700 1 2 _aRodríguez Peña, Carlos Ml.
_eintrod.
_972561
710 1 _aRepública Dominicana.
_bMinisterio de Educación Superior, Ciencia y Tecnología
_972559
999 _c44042
_d44042